German Ministers of Foreign Affairs since 1919 - with Picture - Statistics

General Stats
  • This quiz has been taken 12 times
    7 since last reset
  • The average score is 16 of 36
Answer Stats
Picture Hint Answer % Correct
2005-2009, 2013-2017
Angela Merkel
Social Democratic Party of Germany
Frank-Walter Steinmeier
83%
1938-1945
Adolf Hitler
NSDAP
Joachim von Ribbentrop
83%
seit 2021
Olaf Scholz
Alliance 90/The Greens
Annalena Baerbock
67%
1961-1966
Ludwig Erhard
Christian Democratic Union of Germany
Gerhard Schröder
67%
2009-2013
Angela Merkel
Free Democratic Party
Guido Westerwelle
67%
1923-1929
Stresemann, Marx, Luther, Geßler, Müller
German People's Party
Gustav Stresemann
67%
1974-1982, 1982-1992
Schmidt, Kohl
Free Democratic Party
Hans-Dietrich Genscher
67%
2018-2021
Angela Merkel
Social Democratic Party of Germany
Heiko Maas
67%
1982
Helmut Schmidt
Social Democratic Party of Germany
Helmut Schmidt
67%
1998-2005
Gerhard Schröder
Alliance 90/The Greens
Joschka Fischer
67%
1951-1955
Konrad Adenauer
Christian Democratic Union of Germany
Konrad Adenauer
67%
1990
Lothar de Maizière
Christian Democratic Union of Germany
Lothar de Maizière
67%
2017-2018
Angela Merkel
Social Democratic Party of Germany
Sigmar Gabriel
67%
1969-1974
Brandt, Scheel
Free Democratic Party
Walter Scheel
67%
1966-1969
Kurt Georg Kiesinger
Social Democratic Party of Germany
Willy Brandt
67%
1931-1932
Heinrich Brüning
Catholic Centre Party (Christian People's Party)
Heinrich Brüning
50%
1919-1920
Gustav Bauer
Social Democratic Party of Germany
Hermann Müller
50%
1921-1922, 1922
Joseph Wirth
Catholic Centre Party (Christian People's Party)
Joseph Wirth
50%
1992-1998
Helmut Kohl
Free Democratic Party
Klaus Kinkel
50%
1932-1938
Papen, Schleicher, Hitler
no party, NSDAP
Konstantin Freiherr von Neurath
50%
1975-1990
Sindermann, Stoph, Modrow
Socialist Unity Party of Germany
Oskar Fischer
50%
1922
Joseph Wirth
German Democratic Party
Walther Rathenau
50%
1955-1961
Adenauer, Erhard
Christian Democratic Union of Germany
Heinrich von Brentano
33%
1945
Johann von Krosigk
NSDAP
Johann Ludwig Graf Schwerin von Krosigk
33%
1990
Lothar de Maizière
Social Democratic Party of Germany
Markus Meckel
33%
1919
Philipp Scheidemann
no party
Ulrich von Brockdorff-Rantzau
33%
1945
Joseph Goebbels
NSDAP
Arthur Seyß-Inquart
17%
1929-1931
Müller, Brüning
German People's Party
Julius Curtius
17%
1965-1975
Stoph, Sindermann
Socialist Unity Party of Germany
Otto Winzer
17%
1920-1921
Constantin Fehrenbach
no party
Walter Simons
17%
1920
Hermann Müller
Social Democratic Party of Germany
Adolf Köster
0%
1953
Otto Grotewohl
Socialist Unity Party of Germany
Anton Ackermann
0%
1921
Joseph Wirth
no party
Friedrich Rosen
0%
1922-1923
Wilhelm Cuno
no party
Friedrich von Rosenberg
0%
1949-1953
Otto Grotewohl
Christian Democratic Union (East-Germany) (Bloc party)
Georg Dertinger
0%
1953-1965
Grotewohl, Stoph
National Democratic Party of Germany (Bloc party)
Lothar Bolz
0%
No matching quizzes found
Score Distribution
Percent of People with Each Score
Percentile by Number Answered
Your Score History
You have not taken this quiz since the last reset